000 00874cam a2200301 4500
001 M94469
008 090401t1998 xxu||||| |||| 00| 0 eng d
035 _a(Sirsi) u89085
041 _aeng
050 _a690.231
110 _aRoyal Institution of Chartered Surveyors
_94900
245 _aBack to the centre : the developers perspective : a study of the conversion of commercial buildings for residential use...
260 _aLondon
_bRICS
_c1998
300 _a8p. ; 30cm.
350 _a0
490 _aRICS Research
520 _aFor main report see RICS 1998/40.
650 _aDEVELOPERS
650 _aOFFICE CONVERSIONS
650 _aOFFICES
650 _aRESIDENTIAL USE
690 _aHOUSING
710 _aUniversity of Westminster
_92398
710 _aGrimley
_92421
710 _aLondon Residential Research
942 _n0
948 _c19/10/1998
999 _c97418
_d97418